000 00570nam a2200217Ia 4500
005 20250701164446.0
008 008 250505s9999 xx 000 0 eng d
020 _a816111030
037 _aTextual
040 _aEASL
_beng
_cEASL
041 _aeng
_2eng
084 _aO41aN7, 111L3
_qEASL
100 _aPaper Jordan D
_9654098
245 0 _aGuide to Chinese prose
260 _aUSA
_bBoston G.K. Hall and Company
_c1973
300 _a138p.
365 _b9.5
650 _aCEL
942 _cTEXL
_hO41aN7, 111L3
999 _c1433160
_d1433160